Manchester United - kadra w sezonie 2022/23 - Statystyki

Ogólne statystyki
  • Ten quiz został rozwiązany 26 razy
  • Średni wynik to 22 z 30
Statystyki odpowiedzi
Nr Pozycja Narodowość Piłkarz % Poprawnych
8 Pomocnik Portugalia Bruno Fernandes
100%
2 Obrońca Szwecja Victor Lindelöf
100%
7 Napastnik Portugalia Cristiano Ronaldo
96%
5 Obrońca Anglia Harry Maguire
96%
10 Napastnik Anglia Marcus Rashford
96%
9 Napastnik Francja Anthony Martial
92%
1 Bramkarz Hiszpania David de Gea
92%
6 Obrońca Argentyna Lisandro Martínez
92%
49 Napastnik Argentyna Alejandro Garnacho
88%
14 Pomocnik Dania Christian Eriksen
88%
19 Obrońca Francja Raphaël Varane
88%
21 Napastnik Brazylia Antony
83%
20 Obrońca Portugalia Diogo Dalot
83%
18 Pomocnik Brazylia Casemiro
79%
23 Obrońca Anglia Luke Shaw
79%
39 Pomocnik Szkocja Scott McTominay
79%
17 Pomocnik Brazylia Fred
75%
15 Pomocnik Austria Marcel Sabitzer
71%
22 Bramkarz Anglia Tom Heaton
71%
29 Obrońca Anglia Aaron Wan-Bissaka
67%
12 Obrońca Holandia Tyrell Malacia
67%
34 Pomocnik Holandia Donny van de Beek
63%
28 Pomocnik Urugwaj Facundo Pellistri
63%
31 Bramkarz Słowacja Martin Dúbravka
63%
36 Napastnik Szwecja Anthony Elanga
54%
73 Pomocnik Anglia Kobbie Mainoo
50%
25 Napastnik Anglia Jadon Sancho
46%
33 Obrońca Anglia Brandon Williams
42%
27 Napastnik Holandia Wout Weghorst
38%
56 Napastnik Anglia Charlie McNeill
8%
Nie znaleziono quizów pasujących do podanych kryteriów
Rozkład punktacji
Procent ludzi z każdym wynikiem
Percentyl według liczby udzielonych odpowiedzi
Twoja historia wyników
Nie rozwiązałeś tego quizu